|
|
|
|
| LEADER |
00000ccm a2200000 a 4500 |
| 001 |
vtls010110044 |
| 003 |
SK-MaSNL |
| 005 |
20260425225911.0 |
| 007 |
qu |
| 008 |
180731s2008 xo zzzuf u slo |
| 015 |
|
|
|a SNBH2014
|
| 020 |
|
|
|a 9788080836450
|q (brož.)
|
| 040 |
|
|
|a SNK
|b slo
|c SNK
|e AACR2
|
| 041 |
0 |
|
|a slo
|
| 043 |
|
|
|a e-xo---
|
| 044 |
|
|
|a xo
|c SK
|
| 048 |
|
|
|a ob01
|
| 072 |
|
7 |
|a 785
|x Inštrumentálna hudba. Symfonická hudba. Hudba pre viac nástrojov
|2 konspekt
|
| 080 |
|
|
|a 785.7
|2 2001
|
| 080 |
|
|
|a 78.071.1
|2 2001
|
| 080 |
|
|
|a (437.6)
|2 2001
|
| 080 |
|
|
|a 78.089.6
|2 2001
|
| 080 |
|
|
|a (082)
|2 2001
|
| 084 |
|
|
|a 1.2
|2 snlmc
|
| 245 |
0 |
0 |
|a Súčasná komorná tvorba slovenských skladateľov
|h hudobnina
|b Ľuboš Bernáth, Anton Steinecker, Jevgenij Iršai, Viktor Telychko
|c editor Ľudmila Červená
|
| 246 |
1 |
1 |
|a Contemporary chamber works by slovak composers
|
| 250 |
|
|
|a 1. vyd.
|
| 254 |
|
|
|a Partitúra
|
| 260 |
|
|
|a Banská Bystrica
|b Pedagogická fakulta Univerzity Mateja Bela
|c 2008
|
| 300 |
|
|
|a 1 partitúra (59 s.)
|c 29 cm
|
| 366 |
|
|
|e 100 výt.
|
| 500 |
|
|
|a Zborník novej pôvodnej komornej tvorby slovenských skladateľov, komponovanej pre festivaly Hudobné salóny v Banskej Bystrici 2007 a Minisalóny a stretnutia 2008
|
| 650 |
0 |
7 |
|a hudobní skladatelia
|2 SNKPH
|9 3188
|
| 650 |
0 |
7 |
|a komorná hudba
|2 SNKPH
|9 3431
|
| 650 |
0 |
7 |
|a Composers
|2 SNKPHeng
|9 278300
|
| 650 |
0 |
7 |
|a Chamber music
|2 SNKPHeng
|9 318202
|
| 651 |
|
7 |
|a Slovensko
|2 SNKPH
|9 14231
|
| 651 |
|
7 |
|a Slovakia
|2 SNKPHeng
|9 92630
|
| 655 |
|
7 |
|a partitúry
|2 SNKPH
|9 70123
|
| 655 |
|
7 |
|a zborníky
|2 SNKPH
|9 70165
|
| 655 |
|
7 |
|a Scores
|2 SNKPHeng
|9 285331
|
| 655 |
|
7 |
|a Miscellanea
|2 SNKPHeng
|9 265155
|
| 700 |
1 |
|
|a Červená, Ľudmila,
|d 1952-
|4 edt
|9 122681
|
| 700 |
1 |
2 |
|a Bernáth, Ľuboš,
|d 1977-
|t Tri obrazy pre violončelo a klavír
|9 411304
|
| 700 |
1 |
2 |
|a Steinecker, Anton,
|d 1971-
|t Preludium pre klarinet sólo
|9 411305
|
| 700 |
1 |
2 |
|a Iršai, Jevgenij,
|d 1951-
|t Letters to ofodur-Tuotua
|9 158015
|
| 700 |
1 |
2 |
|a Telyčko, Viktor,
|d 1957-
|t With the questions
|9 411306
|
| 700 |
1 |
|
|a Bernáth, Ľuboš,
|d 1977-
|4 cmp
|9 228420
|
| 700 |
1 |
|
|a Steinecker, Anton,
|d 1971-
|4 cmp
|9 100412
|
| 700 |
1 |
|
|a Iršai, Jevgenij,
|d 1951-
|4 cmp
|9 106876
|
| 700 |
1 |
|
|a Tеlyčkо, Vіktоr,
|d 1957-
|4 cmp
|9 411307
|
| 919 |
|
|
|a 978-80-8083-645-0
|
| 924 |
|
|
|a komorný orchester
|
| 999 |
|
|
|c 661721
|d 663651
|
| 952 |
|
|
|a SNK
|b SNK
|y PREZ
|7 0
|p 17A0664992
|o snkHSB 4289
|i snk2010/14151
|8 0
|0 0
|1 0
|4 0
|d 2010-06-28
|l 0
|r 2026-02-23 18:56:35
|w 2026-02-23
|
| 952 |
|
|
|a SNK
|b SNK
|y VYP
|7 0
|p 17A0664993
|o snkHSB 4289 D1
|i snk2010/14152
|8 0
|0 0
|1 0
|4 0
|d 2010-06-28
|l 0
|r 2026-02-23 18:56:35
|w 2026-02-23
|